LIBRARY & INFORMATION CENTRE, KCAET, TAVANUR

ONLINE PUBLIC ACCESS CATALOGUE (OPAC)

Hydraulics and fluid mechanics including hydraulic machines (Record no. 14845)

MARC details
000 -LEADER
fixed length control field 00402cam a2200157ua 4500
020 ## - INTERNATIONAL STANDARD BOOK NUMBER
ISBN 788189401269
020 ## - INTERNATIONAL STANDARD BOOK NUMBER
ISBN 8189401262
082 ## - DEWEY DECIMAL CLASSIFICATION NUMBER
Classification number 627.5
Item number MOD/HY
100 ## - MAIN ENTRY--AUTHOR NAME
Personal name Modi, P N.
245 ## - TITLE STATEMENT
Title Hydraulics and fluid mechanics including hydraulic machines
250 ## - EDITION STATEMENT
Edition statement 20th
260 ## - PUBLICATION, DISTRIBUTION, ETC. (IMPRINT)
Place of publication New Delhi :
Name of publisher Standard Book House ,
Year of publication 2015
300 ## - PHYSICAL DESCRIPTION
Number of Pages 1403;
700 ## - ADDED ENTRY--PERSONAL NAME
Personal name Seth, S M
942 ## - ADDED ENTRY ELEMENTS (KOHA)
Koha item type Books
Holdings
Withdrawn status Lost status Damaged status Collection code Home library Current library Shelving location Date acquired Source of acquisition Cost, normal purchase price Full call number Accession Number Koha item type
        KAUAET KAUAET General Stacks 30/03/2017 Neoti book Agency 780.00 627.5 MOD/HY 25283 Books
        KAUAET KAUAET General Stacks 30/03/2017 Neoti book Agency 780.00 627.5 MOD/HY 25284 Books
free website counter